000 00823nam a2200205 i 4500
001 180330
003 ES-MaACL
005 20230906221050.0
008 120528s1975 sp |||| | spa d
080 _a616.152.11-053.31(043.2)
100 1 _aFuste Servet, Fernando.
_9150157
245 1 0 _aModificaciones del equilibrio ácido-base fetal tras la aplicación de vacuum y forceps medios /
_cpor Fernando Fuste Servet.
260 _aBarcelona :
_bUniversidad, Secretariado de Publicaciones, Intercambio Científico y Extensión Universitaria,
_c1975.
300 _a14 p., :
_bil. ; gráf. ;
_c25 cm.
502 _aTesis-Universidad Barcelona (Extracto)
504 _aBibliografía: p. 14.
650 4 _aNiños recién nacidos.
_9147185
710 2 _aUniversidad de Barcelona.
_97141
852 _aES-MaACL
_jE-15361(159)
999 _c180330
_d180330